South American Geography by Letter - L - Statistics

General Stats
  • This quiz has been taken 69 times
  • The average score is 7 of 20
Answer Stats
Clue Answer % Correct
Capital of Peru Lima
100%
Administrative capital of Bolivia La Paz
98%
Maracaibo or Titicaca, e.g. Lake
93%
Most important domestic animal for the Incas Llama
88%
Cultural region that includes most of South America Latin America
80%
What Bolivia and Paraguay are Landlocked
70%
National motto of Uruguay {Libertad} o Muerte
42%
Buenos Aires province's capital La Plata
38%
Alagoas, Brazil is named for the two _____s near its capital Lagoon
28%
Province of central Argentina La Pampa
27%
Last surviving Pinta Island tortoise {Lonesome} George
18%
Colombian city at the border tripoint with Brazil and Peru Leticia
10%
Grassland in Colombia and Venezuela Llanos
10%
Second largest city in Paraná, Brazil Londrina
7%
Peru's largest department by area Loreto
7%
Flooded sand dunes in Maranhão {Lençóis} Maranhenses
5%
"Musical Capital of Ecuador" Loja
5%
Region of northeast Argentina Argentine {Litoral}
3%
Heavily polluted mining city in the Peruvian Andes La Oroya
2%
Savannas of Roraima, Brazil {Lavrado}s
2%
No matching quizzes found
Score Distribution
Percent of People with Each Score
Percentile by Number Answered
Your Score History
You have not taken this quiz